| 000 | 00592nam a2200205Ia 4500 | ||
|---|---|---|---|
| 003 | OSt | ||
| 005 | 20230405104224.0 | ||
| 008 | 210423s2002 xx 000 0 und d | ||
| 020 | _a761954732 | ||
| 040 | _cAL | ||
| 041 | _aeng | ||
| 082 |
_a158.3 NELR _223 |
||
| 100 |
_aNELSON-JONES (Richard). _983123 |
||
| 245 | _aEssential counselling and therapy skills: skilled client model. | ||
| 260 |
_aLondon _bSage Publications _c2002 |
||
| 300 |
_axiv,382 _bPB |
||
| 365 |
_b1811 _cINR |
||
| 906 | _aclient ; counselling ; Essential ; model. ; skilled ; skills: ; therapy | ||
| 942 |
_2ddc _cBK |
||
| 999 |
_c158691 _d158691 |
||